Statistics for Places in the world that have New

Click here to take the quiz!

General Stats

  • This quiz has been taken 46 times
  • The average score is 9 of 15

Answer Stats

HintAnswer% Correct
StateNew York
100%
India's capitalNew Delhi
95%
StateNew Mexico
93%
StateNew Jersey
90%
StateNew Hampshire
88%
CountryNew Zealand
83%
ProvinceNewfoundland
63%
CountryPapua New-Guinea
63%
UK city and Australia cityNewcastle
59%
ProvinceNew Brunswick
51%
US cityNew Orleans
51%
US cityNewark
37%
UK city Newport
37%
US cityNew Haven
22%
Cananda CityNew Glascow
5%

Score Distribution

Percentile by Number Answered

Percent of People with Each Score

Your Score History

You have not taken this quiz